Postacie z Brawl Stars według zdjęcia - Statystyki

Ogólne statystyki
  • Ten quiz został rozwiązany 78 razy
    9 od ostatniego zresetowania
  • Średni wynik to 63 z 104
Statystyki odpowiedzi
Obrazkowy Odpowiedź % Poprawnych
8 - bitowiec
100%
Barley
100%
Amber
83%
Ash
83%
Bo
83%
Byron
83%
Carl
83%
Draco
83%
Emz
83%
Gus
83%
Kit
83%
Kruk
83%
Leon
83%
Mandy
83%
Piper
83%
Shelly
83%
Stu
83%
Bea
67%
Bonnie
67%
Brock
67%
Bull
67%
Buster
67%
Buzz
67%
Colette
67%
Colt
67%
Cordelius
67%
Damian
67%
Darryl
67%
Doug
67%
Dynamike
67%
Edgar
67%
El Primo
67%
Eve
67%
Frank
67%
Gale
67%
Gene
67%
Griff
67%
Grom
67%
Jacky
67%
Jessie
67%
Kenji
67%
Kieł
67%
Kiełek
67%
Larry i Lawrie
67%
Lily
67%
Lola
67%
Maks
67%
Melodie
67%
Mortis
67%
Nita
67%
Otis
67%
Pam
67%
Pan P
67%
Penny
67%
Poco
67%
Rico
67%
Rosa
67%
Sam
67%
Sandy
67%
Shade
67%
Spike
67%
Squeak
67%
Tara
67%
Tick
67%
Willow
67%
Alli
50%
Angelo
50%
Belle
50%
Berry
50%
Bibi
50%
Charlie
50%
Chester
50%
Clancy
50%
Gray
50%
Hank
50%
Janet
50%
Juju
50%
Kaze
50%
Lou
50%
Lumi
50%
Meg
50%
Mico
50%
Moe
50%
Nani
50%
Ollie
50%
Pearl
50%
R-T
50%
Ruffs
50%
Surge
50%
Chuck
33%
Finx
33%
Gigi
33%
Glowy
33%
Jae-yong
33%
Maisie
33%
Mina
33%
Pierce
33%
Sirius
33%
Trunk
33%
Ziggy
33%
Bolt
17%
Meeple
17%
Najia
17%
Starr Nova
17%
Nie znaleziono quizów pasujących do podanych kryteriów
Rozkład punktacji
Procent ludzi z każdym wynikiem
Percentyl według liczby udzielonych odpowiedzi
Twoja historia wyników
Nie rozwiązałeś tego quizu od ostatniego zresetowania